| 000 | 00431nam a2200169Ia 4500 | ||
|---|---|---|---|
| 008 | 221030s9999 xx 000 0 und d | ||
| 020 | _a9332542600 | ||
| 041 | _aEnglish | ||
| 100 | _aR. L. Boylestad | ||
| 245 | 0 |
_aElectronic Deivces & Circuits _cby R. L. Boylestad, L. Nashelsky |
|
| 250 | _a11th | ||
| 260 |
_bPearson Education _aNew Delhi _c2016 |
||
| 300 | _a932 | ||
| 650 | _aECE | ||
| 700 | _aL. Nashelsky | ||
| 942 | _cBK | ||
| 999 |
_c17129 _d17129 |
||